000 00549nam a2200205Ia 4500
005 20250326141211.0
008 250326s9999 xx 000 0 und d
020 _a0-13-117995-0
037 _aTextbook
040 _aFMSL
_beng
_cFMSL
041 _aeng
_2eng
084 _aX:8Dy7 N3
_qFMSL
100 _aScott D F, Etc.
_9743924
245 0 _aCases in fice
_cScott D F, Etc.
250 _a3
260 _aEnglewood
_bEnglewood, Prentice-Hall
_c1993
300 _aviii,327
942 _cTB
_hX:8Dy7 N3
999 _c1289186
_d1289186